[Event "TCh-NED Meesterklasse 2013-14"]
[Site "Netherland NED"]
[Date "2013.12.07"]
[Round "3.7"]
[White "De Groote,E"]
[Black "Hoeksema,E"]
[Result "0-1"]
[WhiteElo "2357"]
[BlackElo "2365"]

1.e4 c5 2.Nf3 d6 3.Bb5+ Nc6 4.O-O Bd7 5.c3 Nf6 6.Re1 a6 7.Bf1 Bg4 8.h3 Bh5
9.d3 e6 10.Bf4 Be7 11.Nbd2 O-O 12.g4 Bg6 13.Bg3 Ne8 14.d4 cxd4 15.Nxd4 d5
16.exd5 Nxd4 17.cxd4 Qxd5 18.Nb3 Nf6 19.Re5 Qd8 20.Na5 Nd7 21.Nxb7 Qb6 22.Qb3 Qxb3
23.axb3 Nxe5 24.Bxe5 Rfc8 25.Bg2 Ra7 26.Na5 f6 27.Bf4 Rd7 28.Nc6 Bd3 29.Re1 Kf7
30.d5 exd5 31.Rxe7+ Rxe7 32.Bxd5+ Ke8 33.Nxe7 Kxe7 34.Bd2 Kd6 35.Bf3 Ke5
36.Bc3+ Kf4 37.Bd1 Rd8 38.Ba5 Rd7 39.Bd2+ Ke4 40.f3+ Kd5 41.Bc3 Re7 42.Kf2 Re8
43.Kg3 Rh8 44.f4 Ke4 45.h4 Ke3 46.h5 h6 47.b4 Re8 48.g5 Be4 49.Ba4 Rf8 50.g6 Bf3
51.f5 Bxh5 52.b5 axb5 53.Bxb5 Rc8 54.Bd7 Rc4 55.Be6 Rg4+ 56.Kh3 Rg5  0-1

[Event "Lidums AUS YM 2013"]
[Site "Adelaide AUS"]
[Date "2013.12.08"]
[Round "3.1"]
[White "Morris,J"]
[Black "McClymont,Brodie"]
[Result "1/2-1/2"]
[WhiteElo "2398"]
[BlackElo "2262"]

1.e4 c5 2.Nf3 d6 3.Bb5+ Nd7 4.O-O Nf6 5.Re1 a6 6.Bf1 e5 7.c3 Be7 8.d4 O-O
9.Nbd2 Qc7 10.a4 b6 11.Bd3 cxd4 12.cxd4 exd4 13.Nxd4 Ne5 14.Bc2 Bg4 15.f3 Bd7
16.Nf1 d5 17.exd5 Nxd5 18.Be4 Qd6 19.Ne3 Nxe3 20.Bxe3 Rad8 21.Qe2 Qb4 22.Qxa6 Bc8
23.Qb5 Rxd4 24.Qxe5 Bf6 25.Qb5 Bd7 26.Bc6 Bxc6 27.Qxc6 Rd6 28.Qb5 Qxb2 29.Qxb2 Bxb2
30.Rad1 Re6 31.Bf2 Ra8 32.Rxe6 fxe6 33.Rb1 Rxa4 34.Rxb2 Ra1+ 35.Be1 Rxe1+
36.Kf2  1/2-1/2

[Event "TCh-CZE Vychod 2013-14"]
[Site "Czech Rep CZE"]
[Date "2013.12.08"]
[Round "4.5"]
[White "Hladik,O"]
[Black "Vanek,L"]
[Result "1/2-1/2"]
[WhiteElo "2204"]
[BlackElo "2177"]

1.e4 c5 2.Nf3 d6 3.Bb5+ Bd7 4.Bxd7+ Qxd7 5.O-O Nc6 6.c3 Nf6 7.d4 Nxe4 8.d5 Ne5
9.Nxe5 dxe5 10.Re1 Nf6 11.Rxe5 O-O-O 12.c4 e6 13.Nc3 Bd6 14.Re1 exd5 15.Nxd5 Qf5
16.Be3 Rhe8 17.Qa4 Nxd5 18.cxd5 Kb8 19.Rac1 Re5 20.g3 Rxd5 21.b4 Rc8 22.Rc4 b6
23.bxc5 Bxc5 24.Bxc5 Rdxc5 25.Re7 R5c7  1/2-1/2

[Event "5th Classic Open 2013"]
[Site "London ENG"]
[Date "2013.12.08"]
[Round "2.4"]
[White "Longson,A"]
[Black "Gharamian,T"]
[Result "1/2-1/2"]
[WhiteElo "2333"]
[BlackElo "2656"]

1.e4 c5 2.Nf3 d6 3.Bb5+ Nd7 4.d4 cxd4 5.Qxd4 a6 6.Bxd7+ Bxd7 7.c4 e5 8.Qd3 b5
9.Nc3 bxc4 10.Qxc4 Be6 11.Qc6+ Bd7 12.Qc4 Qc8 13.Qd3 Be6 14.b3 Ra7 15.O-O Rc7
16.Na4 Be7 17.Ba3 Rc6 18.Rac1 Nf6 19.Ng5 O-O 20.Nxe6 fxe6 21.Qh3 Kf7 22.Nb6 Qc7
23.Nc4 Rc8 24.Rcd1 Nxe4 25.Qxh7 Nf6 26.Qh3 Bf8 27.Rfe1 Re8 28.Re2 Kg8 29.Re3 Nd5
30.Ree1 Nf6 31.Re3 Nd5 32.Ree1 Qf7 33.Qg4 Rec8 34.g3 Nf6 35.Qe2 Nd5 36.Rd2 Qc7
37.Qg4 Qf7 38.Red1 Re8 39.Qe4 Rec8 40.Qg4 Re8 41.Qe4 Rec8 42.Qg4  1/2-1/2

[Event "TCh-CZE Zapad 2013-14"]
[Site "Lysa nad Labem CZE"]
[Date "2013.12.08"]
[Round "4.6"]
[White "Kaderabek,J"]
[Black "Postupa,P2"]
[Result "0-1"]
[WhiteElo "2173"]
[BlackElo "2237"]

1.e4 c5 2.Nf3 d6 3.Bb5+ Bd7 4.Bxd7+ Nxd7 5.O-O Ngf6 6.Re1 e6 7.c3 Be7 8.d4 cxd4
9.cxd4 d5 10.e5 Ne4 11.Nbd2 Nxd2 12.Bxd2 O-O 13.Rc1 Qb6 14.Qa4 Nb8 15.Re3 Nc6
16.Rb3 Qc7 17.Qb5 Rab8 18.a3 Rfc8 19.Kf1 h6 20.Rbc3 Qd7 21.b4 Rc7 22.R3c2 Rbc8
23.Qa4 a6 24.g3 Bd8 25.Qb3 b5 26.Ke2 Be7 27.Ke3 Bd8 28.Rc5 Be7 29.R5c2 Nb8
30.Rxc7 Rxc7 31.Rxc7 Qxc7 32.Ne1 Nd7 33.a4 Nxe5 34.axb5 Nc4+ 35.Ke2 axb5
36.Bf4 Qa7 37.Nc2 Bg5 38.Be3 Bxe3 39.fxe3 f6 40.Ne1 Qa1 41.Qc2 Kf7 42.h4 h5
43.Ng2 Qg1 44.Kd3 Qf1+ 45.Kc3 Qa1+ 46.Kd3 Qa3+ 47.Ke2 g6 48.Kf3 Qxb4 49.Nf4 f5
50.Nd3 Qd2 51.Qxd2 Nxd2+ 52.Kf4 Nc4 53.Nb4 Kf6 54.Nc6 Nd2 55.Nb4 Ne4 56.Nc6 g5+
57.hxg5+ Nxg5 58.Nb4 Nh7 59.Nd3 Nf8 60.Kf3 Ng6 61.Nb4 Ke7  0-1

[Event "5th Penang Open 2013"]
[Site "George Town MAS"]
[Date "2013.12.10"]
[Round "2.29"]
[White "Greenwood,Martin C"]
[Black "Zuherman,E"]
[Result "0-1"]
[WhiteElo "1599"]
[BlackElo "2313"]

1.e4 c5 2.Nf3 d6 3.Bb5+ Nc6 4.O-O Bd7 5.d4 cxd4 6.Nxd4 Nf6 7.Nxc6 bxc6 8.Bd3 g6
9.Qe2 Bg7 10.c3 O-O 11.Bg5 Qa5 12.Bd2 Ng4 13.h3 Ne5 14.c4 Qa6 15.Bc3 Be6
16.b3 Nxd3 17.Qxd3 f6 18.Qe3 Bf7 19.Nd2 e5 20.Nf3 d5 21.exd5 cxd5 22.cxd5 Bxd5
23.Rfd1 Qb7 24.Ne1 Rfe8 25.Rd2 Rac8 26.Rad1 Be6 27.Ba5 f5 28.Rd8 Rexd8 29.Rxd8+ Rxd8
30.Bxd8 e4 31.Qd2 Be5 32.Qa5 Bd6 33.Bg5 Qb8 34.Qd8+ Qxd8 35.Bxd8 Kf7 36.Nc2 Bc5
37.b4 Bd6 38.a3 Be5 39.b5 Bb3 40.Nb4 Bd4 41.Nc6 Bc5 42.Bc7 Ba4 43.Nxa7 Ke6
44.b6 Kd7 45.Kf1 Bxa3 46.Ke2 Bc5 47.Kd2 Bxf2  0-1

[Event "5th Penang Open 2013"]
[Site "George Town MAS"]
[Date "2013.12.10"]
[Round "2.42"]
[White "Fisabilillah,Ummi"]
[Black "Yeo,Ruizhi Carwyn"]
[Result "1-0"]
[WhiteElo "1832"]
[BlackElo "1612"]

1.e4 c5 2.Nf3 d6 3.Bb5+ Bd7 4.Bxd7+ Qxd7 5.c4 Nc6 6.O-O Nf6 7.Nc3 g6 8.d4 cxd4
9.Nxd4 Bg7 10.Nde2 O-O 11.f3 Qc7 12.Be3 Rac8 13.Rc1 Qb8 14.Qd2 Rfd8 15.Rfd1 b6
16.b3 Nd7 17.Nd5 Qb7 18.Nd4 Nde5 19.Qe2 Nxd4 20.Bxd4 e6 21.Ne3 Qa6 22.f4 Nc6
23.Bxg7 Kxg7 24.Ng4 Qa5 25.Qb2+ e5 26.Rd5 Qa6 27.fxe5 dxe5 28.Qd2 Kf8 29.Qh6+ Ke7
30.Qh4+ Ke8 31.Qh6 Ke7 32.Qh4+ Ke8 33.Nf6+ Ke7 34.Nxh7+ Ke8 35.Qh6 Ke7 36.Rcd1 Rxd5
37.exd5 Rd8 38.Rf1 Qxa2 39.dxc6  1-0

[Event "5th Classic Open 2013"]
[Site "London ENG"]
[Date "2013.12.10"]
[Round "4.72"]
[White "Donovan,N"]
[Black "Arapalea,Daniel-Ionel"]
[Result "1-0"]
[WhiteElo "2033"]
[BlackElo "1814"]

1.e4 c5 2.Nf3 d6 3.Bb5+ Bd7 4.Bxd7+ Nxd7 5.O-O g6 6.c3 Bg7 7.d4 Qc7 8.Re1 e5
9.Nbd2 Ne7 10.dxe5 Nxe5 11.Nc4 Rd8 12.Nfxe5 dxe5 13.Qa4+ Nc6 14.Qb5 b6 15.a4 O-O
16.a5 Nxa5 17.Nxa5 bxa5 18.Qxa5 Qc6 19.Be3 c4 20.Bxa7 Rd2 21.Qc5 Qxc5 22.Bxc5 Rc8
23.Ba3 Bf8 24.Red1 Rcd8 25.Rxd2 Rxd2 26.Kf1 Bxa3 27.bxa3 Rc2 28.a4 Rxc3 29.a5 Rb3
30.a6 Rb8 31.a7 Ra8 32.Ke2 Kf8 33.Kd2 Ke7 34.Kc3 Kd6 35.Kxc4 Kc6 36.g4 Kb7
37.Kd5 Rd8+ 38.Kxe5 Ka8 39.Ra2 Re8+ 40.Kf4 f6 41.Ra6 Rf8 42.f3 h6 43.Ke3 g5
44.f4 Rf7 45.f5 Rf8 46.e5 fxe5 47.Ke4 Rc8 48.f6 Rc4+ 49.Kxe5 Rf4 50.Ke6 Re4+
51.Kd7 Rd4+ 52.Ke7  1-0

[Event "5th Classic Open 2013"]
[Site "London ENG"]
[Date "2013.12.11"]
[Round "5.63"]
[White "Woong,Zhi Wei William"]
[Black "Puccini,Jack"]
[Result "1-0"]
[WhiteElo "1837"]
[BlackElo "2073"]

1.e4 c5 2.Nf3 d6 3.Bb5+ Bd7 4.Bxd7+ Qxd7 5.O-O Nf6 6.Qe2 Nc6 7.c3 e6 8.d4 cxd4
9.cxd4 d5 10.e5 Ne4 11.Rd1 Be7 12.Nc3 Nxc3 13.bxc3 Na5 14.Rd3 O-O-O 15.Rb1 Kb8
16.Nd2 Rc8 17.Rg3 Bf8 18.Rf3 Nc4 19.Nxc4 Rxc4 20.Qb2 Rc7 21.Qb3 h6 22.h3 Qe8
23.Qb5 Qxb5 24.Rxb5 b6 25.a4 g6 26.a5 Kb7 27.axb6 axb6 28.Rb3 Bg7 29.Ba3 Bf8
30.Bc5 Bxc5 31.dxc5 Kc6 32.cxb6 Rb7 33.Rf4 Ra8 34.Rh4 h5 35.Kf1 Rxb6 36.Rxb6+ Kxb6
37.Rf4 Ra7 38.h4 Rc7 39.Ke2 Kc5 40.Kd3 Ra7 41.f3 f5 42.exf6 Rf7 43.g4 e5
44.gxh5 gxh5 45.Rf5 Kd6 46.f4 exf4 47.Kd4 Ke6 48.Rxf4 Kd6 49.Rf2 Ke6 50.Re2+ Kd6
51.Ra2 Rc7 52.Ra6+ Kd7 53.Kxd5 Rxc3 54.Ra5 Rd3+ 55.Ke5 Ke8 56.Ke6 Re3+ 57.Re5 Ra3
58.Rxh5 Ra6+ 59.Kf5 Kf7 60.Rh7+ Kg8 61.Rg7+ Kh8 62.Re7 Kg8 63.Kg6 Kf8 64.Rf7+ Kg8
65.Rc7 Ra8 66.h5 Rb8 67.Rg7+ Kh8 68.Rh7+  1-0

[Event "SportAccord Rapid Men 2013"]
[Site "Beijing CHN"]
[Date "2013.12.12"]
[Round "1.5"]
[White "Ivanchuk,V"]
[Black "Le Quang Liem"]
[Result "1/2-1/2"]
[WhiteElo "2731"]
[BlackElo "2703"]

1.e4 c5 2.Nf3 d6 3.Bb5+ Bd7 4.Bxd7+ Qxd7 5.c4 g6 6.Nc3 Bg7 7.d4 cxd4 8.Nxd4 Nf6
9.O-O O-O 10.b3 Nc6 11.Bb2 Rfd8 12.Re1 Rac8 13.Nd5 Ne8 14.Rc1 e6 15.Ne3 Nf6
16.Nxc6 Qxc6 17.f3 b5 18.Re2 Qb7 19.cxb5 Rxc1 20.Qxc1 Qxb5 21.Rc2 h5 22.Qd2 Qb8
23.g3 d5 24.Bxf6 Bxf6 25.exd5 Qb5 26.Qe2 Qxe2 27.Rxe2 exd5 28.Rd2 d4 29.Nc4 d3
30.Rd1 Kg7 31.Kf2 Bd4+ 32.Ke1 Bc3+ 33.Kf2 Bd4+ 34.Ke1 Bc3+  1/2-1/2

[Event "5th Classic GpB 2013"]
[Site "London ENG"]
[Date "2013.12.13"]
[Round "5.2"]
[White "Svidler,P"]
[Black "Rowson,J"]
[Result "1-0"]
[WhiteElo "2758"]
[BlackElo "2569"]

1.e4 c5 2.Nf3 d6 3.Bb5+ Bd7 4.c4 Nc6 5.d4 cxd4 6.Nxd4 g6 7.O-O Bg7 8.Bxc6 Bxc6
9.Nc3 Nf6 10.Re1 Rc8 11.b3 O-O 12.f3 b6 13.Bg5 h6 14.Be3 Bb7 15.Qd2 Kh7 16.Rad1 Nd7
17.Bf2 Nc5 18.Bh4 Qd7 19.Nd5 Rce8 20.h3 Ne6 21.Nxe6 fxe6 22.Ne3 Qc6 23.Ng4 b5
24.Rc1 h5 25.Nf2 bxc4 26.Rxc4 Qb6 27.Bg5 Ba6 28.Be3 Qb7 29.Rb4 Qa8 30.Ra4 Qb7
31.Bd4 e5 32.Be3 Rc8 33.Qd5 Qxd5 34.exd5 Bb7 35.Rxa7 Bxd5 36.Rxe7 Rc2 37.Rd1 Rf7
38.Rxf7 Bxf7 39.Ne4 Rxa2 40.Ng5+ Kg8 41.Rxd6 Bh6 42.b4 Re2 43.Rd8+ Kg7 44.Rd7 Bxg5
45.Bxg5 e4 46.fxe4 Rxe4 47.Bd2 Kf6 48.b5 Ke6 49.Ra7 Rd4 50.Bg5 Be8 51.Re7+ Kf5
52.Rxe8 Kxg5 53.b6 Rb4 54.Re6 Rb2 55.h4+ Kf5 56.Rc6 Rb4 57.Kf2 Rxh4 58.Rc5+ Ke6
59.Rb5 Rf4+ 60.Kg3 Rf8 61.b7 Rb8 62.Kh4 Kd6 63.g3 Ke6 64.Kg5 Kf7 65.Rb6  1-0

[Event "5th Classic GpC 2013"]
[Site "London ENG"]
[Date "2013.12.13"]
[Round "6.2"]
[White "Jones,G"]
[Black "Gelfand,B"]
[Result "1-0"]
[WhiteElo "2654"]
[BlackElo "2777"]

1.e4 c5 2.Nf3 d6 3.Bb5+ Bd7 4.Bxd7+ Qxd7 5.O-O Nc6 6.c3 Nf6 7.Re1 e6 8.d4 cxd4
9.cxd4 d5 10.e5 Ne4 11.Nbd2 Nxd2 12.Bxd2 Be7 13.Rc1 O-O 14.Rc3 Rac8 15.a3 Nb8
16.Rd3 Qb5 17.Rb3 Qc6 18.Ng5 Bxg5 19.Bxg5 Nd7 20.Qg4 f5 21.Qh4 Rfe8 22.Bf6 Nf8
23.Bxg7 Kxg7 24.Qf6+ Kg8 25.h4 Rc7 26.Rg3+ Ng6 27.h5 Rf8 28.Qg5 Rg7 29.Rc1 Qb6
30.hxg6 Rxg6 31.Qh4 Rxg3 32.Qxg3+ Kh8 33.Qh4 Qd8 34.Qxd8 Rxd8 35.Rc7 Rg8
36.Rxb7 Rg4 37.Rxa7 Rxd4 38.b4 Rd1+ 39.Kh2 d4 40.b5 d3 41.Rd7 d2 42.a4 Kg8
43.a5 Rb1 44.b6 d1=Q 45.Rxd1 Rxd1 46.b7  1-0

[Event "5th Classic Open 2013"]
[Site "London ENG"]
[Date "2013.12.13"]
[Round "7.60"]
[White "Hill,Alistair"]
[Black "James,Angus S"]
[Result "1-0"]
[WhiteElo "2097"]
[BlackElo "1941"]

1.e4 c5 2.Nf3 d6 3.Bb5+ Nc6 4.O-O Bd7 5.Re1 a6 6.Bf1 Bg4 7.h3 Bh5 8.c3 Nf6
9.d4 cxd4 10.cxd4 Bxf3 11.gxf3 e5 12.d5 Nb8 13.f4 Nbd7 14.Nc3 Be7 15.fxe5 dxe5
16.Be3 Bd6 17.Be2 O-O 18.a3 Rc8 19.Rc1 Qe7 20.Bf3 Rc7 21.Qd2 Rfc8 22.b4 a5
23.Nb5 Rxc1 24.Rxc1 Rxc1+ 25.Qxc1 axb4 26.Qc8+ Qf8 27.Nxd6 Qxc8 28.Nxc8 bxa3
29.Bc1 a2 30.Bb2 Nc5 31.Nd6 b6 32.Bd1 Nd3  1-0

[Event "5th Classic Open 2013"]
[Site "London ENG"]
[Date "2013.12.13"]
[Round "7.71"]
[White "Milligan,H"]
[Black "Baterdene,Tsogbayar"]
[Result "0-1"]
[WhiteElo "1977"]
[BlackElo "1816"]

1.e4 c5 2.Nf3 d6 3.Bb5+ Nc6 4.d4 cxd4 5.Qxd4 Bd7 6.Bxc6 Bxc6 7.Nc3 e6 8.Bg5 e5
9.Qd3 Be7 10.Bxe7 Qxe7 11.O-O-O Rd8 12.Nd5 Bxd5 13.Qxd5 Nf6 14.Qb5+ Rd7 15.Rhe1 O-O
16.Kb1 Rc8 17.Re2 Qd8 18.Rd3 Rc5 19.Qb3 Qc7 20.g3 b5 21.Ne1 a5 22.f3 a4 23.Qb4 Rd8
24.Ng2 d5 25.Qd2 Rc8 26.exd5 Nxd5 27.Ne1 Nb6 28.Qe3 a3 29.Qe4 axb2 30.f4 Nc4
31.f5 Qa5  0-1

[Event "Pavlodar Open 2013"]
[Site "Pavlodar KAZ"]
[Date "2013.12.13"]
[Round "5.3"]
[White "Zablotsky,S"]
[Black "Gnusarev,P"]
[Result "1/2-1/2"]
[WhiteElo "2522"]
[BlackElo "2369"]

1.Nf3 c5 2.e4 d6 3.Bb5+ Nc6 4.O-O Bd7 5.Re1 Nf6 6.c3 a6 7.Bf1 e5 8.d4 cxd4
9.cxd4 Bg4 10.d5 Nd4 11.Be3 Nxf3+ 12.gxf3 Bd7 13.Nc3 Be7 14.f4 Ng4 15.fxe5 O-O
16.Bh3 Nxe5 17.Bxd7 Qxd7 18.Bd4 Bg5 19.Kh1 Qh3 20.Bxe5 dxe5 21.Rg1 Bf4 22.Rg2 Rac8
23.Ne2 Qh4 24.Qd3 g6 25.Rd1 Rc5 26.Qf3 Bg5 27.Nc3 Rfc8 28.Qg3 Bf6 29.Qd3 Be7
30.f3 Bd6 31.Rc2  1/2-1/2

[Event "ch-European Rapid 2013"]
[Site "Warsaw POL"]
[Date "2013.12.14"]
[Round "7.29"]
[White "Licznerski,L"]
[Black "Andriasian,Z"]
[Result "1/2-1/2"]
[WhiteElo "2354"]
[BlackElo "2610"]

1.e4 c5 2.Nf3 d6 3.Bb5+ Nc6 4.d4 cxd4 5.Qxd4 Bd7 6.Bxc6 Bxc6 7.Nc3 e5 8.Qd3 Be7
9.O-O h6 10.Nd2 Nf6 11.Nc4 O-O 12.Ne3 Re8 13.Ned5 Rc8 14.Be3 Nxd5 15.Nxd5 Bxd5
16.Qxd5 Rxc2 17.Qxb7 Qb8 18.Qxb8 Rxb8 19.b3 Bg5 20.Rfc1 Rb2 21.Bxa7 Rb7 22.Rc8+ Kh7
23.Bb8 Rb6 24.g3 Re2 25.h4 Bf6 26.Ba7 Rb4 27.Be3 Rxe4 28.Kf1 Rb2 29.Bc1 Rbe2
30.Be3 R4xe3 31.fxe3 Rxe3 32.Rb1 Rxg3 33.b4 e4 34.Rb3 e3 35.b5 Bd4 36.b6 Rg1+
37.Ke2 Rg2+ 38.Ke1 Rg1+ 39.Ke2 Rg2+ 40.Ke1 Rg1+ 41.Ke2 Rg2+ 42.Ke1 Rg1+ 43.Ke2 Rg2+
44.Ke1 Rg1+ 45.Ke2 Rg2+ 46.Ke1  1/2-1/2

[Event "SportAccord Blitz Men 2013"]
[Site "Beijing CHN"]
[Date "2013.12.15"]
[Round "12.2"]
[White "Vachier Lagrave,M"]
[Black "Dominguez Perez,L"]
[Result "1-0"]
[WhiteElo "2745"]
[BlackElo "2754"]

1.e4 c5 2.Nf3 d6 3.Bb5+ Bd7 4.Bxd7+ Qxd7 5.O-O Nf6 6.Qe2 Nc6 7.Rd1 Rc8 8.c3 e6
9.d4 cxd4 10.Bg5 Be7 11.cxd4 h6 12.Bxf6 Bxf6 13.e5 Be7 14.exd6 Qxd6 15.Nc3 O-O
16.d5 exd5 17.Nxd5 Rfd8 18.Kf1 Bf8 19.Nb6 axb6 20.Rxd6 Rxd6 21.a3 Nd4 22.Nxd4 Rxd4
23.Rd1 Rdc4 24.g3 Rc2 25.Rd2 Rxd2 26.Qxd2 b5 27.Qd7 Rc1+ 28.Kg2 Rb1 29.Qxb5 Bxa3
30.Qd3 Rxb2 31.Qxa3 Rb5 32.Qa8+ Kh7 33.Qe8 Rf5 34.Qe4 g6 35.Qxb7 h5 36.f4 Kg8
37.Qc8+ Kg7 38.Qc3+ Kg8 39.Kf3 Rb5 40.h3 Rf5 41.g4 hxg4+ 42.hxg4 Rb5 43.Ke4 Rb8
44.Ke5 Rb6 45.Kd5 Kh7 46.Qc7 Rf6 47.f5 Kg8 48.Qd8+ Kg7 49.Ke5 Rc6 50.f6+ Kh7
51.Qe7  1-0

[Event "SportAccord Blitz Women 2013"]
[Site "Beijing CHN"]
[Date "2013.12.15"]
[Round "15.6"]
[White "Muzychuk,A"]
[Black "Ju Wenjun"]
[Result "1-0"]
[WhiteElo "2566"]
[BlackElo "2514"]

1.e4 c5 2.Nf3 d6 3.Bb5+ Bd7 4.Bxd7+ Qxd7 5.c4 e5 6.Nc3 Be7 7.O-O Nc6 8.a3 a5
9.d3 Bd8 10.Nd5 Nge7 11.Rb1 O-O 12.Bd2 f5 13.b4 axb4 14.axb4 b6 15.bxc5 bxc5
16.Qb3 Ba5 17.Bxa5 Rxa5 18.Nxe7+ Nxe7 19.Qb7 Rd8 20.Ng5 g6 21.exf5 Nxf5 22.Qd5+ Kg7
23.Rb7  1-0

[Event "SportAccord Blitz Women 2013"]
[Site "Beijing CHN"]
[Date "2013.12.15"]
[Round "20.1"]
[White "Lagno,Kateryna"]
[Black "Ju Wenjun"]
[Result "0-1"]
[WhiteElo "2543"]
[BlackElo "2514"]

1.e4 c5 2.Nf3 d6 3.Bb5+ Bd7 4.Bxd7+ Qxd7 5.O-O Nf6 6.Qe2 e6 7.d4 cxd4 8.Nxd4 Be7
9.c4 O-O 10.Nc3 a6 11.Rd1 Qc7 12.Bd2 Nc6 13.Nf3 Ne5 14.Nxe5 dxe5 15.Be3 Bb4
16.Na4 Nxe4 17.c5 Qc6 18.b3 Rad8 19.Qc4 Ba5 20.f3 Nf6 21.Bg5 Rxd1+ 22.Rxd1 Nd5
23.Bc1 f6 24.Rd3 Rd8 25.Bd2 Bxd2 26.Rxd2 Kf7 27.Rd3 Rc8 28.Qe4 h6 29.Rd1 Rc7
30.h4 h5 31.Qh7 Qb5 32.Qxh5+ Kf8 33.Qh8+ Kf7 34.Qh5+ Kf8 35.Kh2 Qe2 36.Rg1 Qe3
37.Qh8+ Kf7 38.Qd8 Re7 39.Qh8 Qf4+ 40.Kh1 Qf5 41.Qc8 Qf4 42.Qh8 Qf5 43.Qc8 Qh5
44.g3 Qxf3+ 45.Kh2 Ne3 46.Kh3 Qg4+ 47.Kh2 Qe2+ 48.Kh3 Qf2 49.Qh8 Qf5+ 50.Kh2 Ng4+
51.Kg2 Qf2+ 52.Kh3 Qf5 53.Kg2 Rd7 54.Qc8 Rd2+  0-1

[Event "SportAccord Blitz Women 2013"]
[Site "Beijing CHN"]
[Date "2013.12.15"]
[Round "20.6"]
[White "Muzychuk,A"]
[Black "Sebag,M"]
[Result "1-0"]
[WhiteElo "2566"]
[BlackElo "2501"]

1.e4 c5 2.Nf3 d6 3.Bb5+ Nd7 4.O-O a6 5.Bxd7+ Bxd7 6.d4 cxd4 7.Qxd4 e5 8.Qd3 h6
9.c4 b5 10.Nfd2 Nf6 11.Nc3 Qb8 12.a4 b4 13.Nd5 Nxd5 14.cxd5 Be7 15.Nc4 O-O
16.Be3 Bd8 17.f4 exf4 18.Bxf4 Bc7 19.Qg3 Kh8 20.Bxh6 gxh6 21.Rf6 Kh7 22.Qf4 Qa7+
23.Kh1 Qd4 24.Qxh6+ Kg8 25.Qg5+  1-0

[Event "TCh-BEL 2013-14"]
[Site "Belgium BEL"]
[Date "2013.12.15"]
[Round "6.1"]
[White "Bojkov,D"]
[Black "Docx,S"]
[Result "0-1"]
[WhiteElo "2505"]
[BlackElo "2486"]

1.e4 c5 2.Nf3 d6 3.Bb5+ Bd7 4.Bxd7+ Qxd7 5.c4 Nf6 6.Nc3 g6 7.d4 cxd4 8.Nxd4 Bg7
9.f3 O-O 10.Be3 Rc8 11.b3 Nc6 12.O-O a6 13.a4 Qd8 14.Nde2 Qa5 15.Rc1 Nd7
16.Kh1 Rd8 17.Nd5 Re8 18.Bd2 Qd8 19.Bg5 Rc8 20.f4 Nc5 21.Nec3 f6 22.Bh4 e6
23.Ne3 Qb6 24.Ng4 Qxb3 25.Qxd6 Nb4 26.Nxf6+ Bxf6 27.Bxf6 Nbd3 28.Nd5 exd5
29.f5 Nxc1 30.Qxd5+ Ne6 31.Rxc1 Qe3 32.Rg1 gxf5 33.exf5 Qf4 34.Ba1 Rcd8 35.Qf3 Qxf3
36.gxf3+ Kf7 37.fxe6+ Kxe6 38.f4 Kf5 39.Be5 Rg8 40.Rb1 Rd2 41.h3 Rc8 42.Rb4 Ra2
43.Bb2 Rd8  0-1

[Event "Bundesliga 2013-14"]
[Site "Berlin GER"]
[Date "2013.12.15"]
[Round "6"]
[White "Sarbok,T"]
[Black "Bobras,P"]
[Result "1/2-1/2"]
[WhiteElo "2367"]
[BlackElo "2518"]

1.e4 c5 2.Nf3 d6 3.Bb5+ Nd7 4.c3 Nf6 5.Qe2 a6 6.Ba4 c4 7.Bc2 Qc7 8.b3 b5
9.a4 cxb3 10.Bxb3 Nc5 11.Bc2 bxa4 12.O-O e5 13.d4 Nb3 14.Rxa4 Nxc1 15.Rxc1 Be7
16.Rc4 Qa5 17.Ra4 Qc7 18.Rc4 Qa5 19.Ra4  1/2-1/2

[Event "80th ch-BRA 2013"]
[Site "Joao Pessoa BRA"]
[Date "2013.12.15"]
[Round "3.5"]
[White "Barbosa,Ev"]
[Black "Brito,L"]
[Result "1-0"]
[WhiteElo "2461"]
[BlackElo "2276"]

1.e4 c5 2.Nf3 d6 3.Bb5+ Bd7 4.Bxd7+ Qxd7 5.c4 Nc6 6.d4 cxd4 7.Nxd4 Nf6 8.Nc3 g6
9.Nde2 Bg7 10.f3 O-O 11.O-O Rfc8 12.Bg5 Qd8 13.Kh1 a6 14.a4 Nd7 15.Rb1 Rab8
16.Qd2 Nc5 17.b3 Ne6 18.Be3 b6 19.Rfd1 Nc5 20.Bf2 Qf8 21.Be3 Na5 22.Qa2 Nc6
23.Qa3 a5 24.Qc1 h5 25.Nd5 Kh7 26.Nef4 Ne5 27.Nh3 Rb7 28.Qc2 Qe8 29.Bd4 Qf8
30.Qe2 Nc6 31.Be3 Ne5 32.Qf2 Bh6 33.Ng5+ Kg8 34.Qh4 f6 35.Nh3 Bxe3 36.Nxe3 Qh6
37.Nd5 g5 38.Qe1 g4 39.Ng1 Kh8 40.f4 Ned3 41.Qe3 Nb4 42.Ne2 Nc6 43.Nec3 Rg8
44.Nb5 Ne5 45.Nd4 Nf7 46.Nf5 Qh7 47.Re1 Nh6 48.Nd4 Nf7 49.Red1 h4 50.Nf5 h3
51.g3 Nh6 52.Nd4 Nf7 53.Rd2 Rd8 54.Re2 Qg6 55.Qc3 Rbd7 56.Qc2 Kg8 57.Nc3 Rb7
58.Nf5 Kf8 59.Ne3 Rbd7 60.Nf5 Rb7 61.Nd1  1-0

[Event "Pavlodar Open 2013"]
[Site "Pavlodar KAZ"]
[Date "2013.12.15"]
[Round "6.11"]
[White "Vokarev,S"]
[Black "Lozhnikov,V"]
[Result "1-0"]
[WhiteElo "2464"]
[BlackElo "2317"]

1.e4 c5 2.Nf3 d6 3.Bb5+ Nd7 4.d4 Nf6 5.O-O cxd4 6.Qxd4 e5 7.Qd3 h6 8.c4 Be7
9.Nc3 O-O 10.Bxd7 Bxd7 11.Rd1 Be6 12.b3 a6 13.a4 Rc8 14.Ba3 Qa5 15.Nd2 Qb6
16.Nd5 Bxd5 17.cxd5 Nd7 18.Nc4 Qc7 19.a5 Qb8 20.g3 Rfd8 21.Ra2 Bf8 22.Rc2 g6
23.Rdc1 Nf6 24.Qf3 Ne8 25.Kg2 h5 26.Nb6 Rxc2 27.Rxc2 Nc7 28.Bc1 Be7 29.Qe2 Ne8
30.f4 Nf6 31.Bb2 Re8 32.fxe5 Ng4 33.Qf3 Bg5 34.Nc4 Nxe5 35.Bxe5 dxe5 36.h4 Bh6
37.d6 Qd8 38.Qd3 Re6 39.d7 Bf8 40.Nxe5 Rd6 41.Rc8 Rxd3 42.Rxd8 Rd2+ 43.Kf3 Kg7
44.Re8 Bc5 45.g4  1-0

[Event "ch-European Rapid 2013"]
[Site "Warsaw POL"]
[Date "2013.12.15"]
[Round "10.34"]
[White "Schoorl,R"]
[Black "Jarmula,L"]
[Result "0-1"]
[WhiteElo "2317"]
[BlackElo "2213"]

1.e4 c5 2.Nf3 d6 3.Bb5+ Nd7 4.c3 Nf6 5.Qe2 a6 6.Ba4 b5 7.Bc2 Bb7 8.d4 e5
9.O-O Be7 10.a4 O-O 11.Rd1 cxd4 12.cxd4 Qc7 13.dxe5 Nxe5 14.Nd4 b4 15.Nd2 Rfe8
16.Nf1 d5 17.f4 Nc6 18.Nxc6 Qxc6 19.e5 Ne4 20.Be3 Qe6 21.Ng3 f6 22.Bd4 f5
23.Qe3 Kh8 24.Bb3 Qg6 25.Rac1 Rac8 26.Ne2 Bh4 27.g3 Be7 28.a5 h5 29.Kg2 Kh7
30.Ba4 Red8 31.Rxc8 Rxc8 32.Rc1 Rxc1 33.Nxc1 h4 34.Bc2 Qg4 35.Bxe4 fxe4 36.h3 Qd1
37.g4 Bc6 38.f5 Bb5 39.f6 gxf6 40.exf6 Qf1+ 41.Kh2 Bd6+  0-1

[Event "ch-European Rapid 2013"]
[Site "Warsaw POL"]
[Date "2013.12.15"]
[Round "11.6"]
[White "Neiksans,A"]
[Black "Cheparinov,I"]
[Result "1/2-1/2"]
[WhiteElo "2560"]
[BlackElo "2672"]

1.e4 c5 2.Nf3 d6 3.Bb5+ Nd7 4.d4 cxd4 5.Qxd4 a6 6.Be2 Ngf6 7.c4 g6 8.Nc3 Bg7
9.O-O O-O 10.Qd3 Nc5 11.Qc2 b5 12.cxb5 axb5 13.Bxb5 Bb7 14.Re1 Rc8 15.e5 dxe5
16.Nxe5 Nce4 17.a4 Nxc3 18.bxc3 Qd5 19.Nf3 Ne4 20.Bb2 Nxc3 21.Qd3 Qb3 22.Ba3 Rfd8
23.Qe3 e6 24.Be7 Rd5 25.Rac1 Qb2 26.Bf1 h6 27.Bh4 Rdc5 28.Kh1 e5 29.Qd2 Qxd2
30.Nxd2 Nxa4 31.Rxc5 Rxc5 32.f3 Rc2 33.Nc4 Ba6 34.Ne3 Rc6 35.Nd5 Rd6 36.Bxa6 Rxa6
37.Bg3 Nc5 38.h3 Nd7 39.Rd1 Nf8 40.Nc7 Rc6 41.Ne8 Bh8 42.Rd8 f6 43.Kh2 Kf7
44.Nd6+ Kg8 45.Ne8 Kf7 46.Nd6+ Kg8 47.Ne8 Re6 48.Be1 Rb6 49.Ba5 Rb7 50.Bc7 f5
51.Rc8 e4 52.fxe4 fxe4 53.Bd6 e3 54.Nc7 Bg7 55.Bxf8 Bxf8 56.Ne6 e2 57.Rxf8+ Kh7
58.Re8 e1=Q 59.Ng5+  1/2-1/2

[Event "SportAccord Blitz Women 2013"]
[Site "Beijing CHN"]
[Date "2013.12.16"]
[Round "24.8"]
[White "Muzychuk,A"]
[Black "Cmilyte,V"]
[Result "1/2-1/2"]
[WhiteElo "2566"]
[BlackElo "2514"]

1.e4 c5 2.Nf3 d6 3.Bb5+ Nd7 4.O-O a6 5.Bxd7+ Bxd7 6.d4 cxd4 7.Qxd4 e5 8.Qd3 h6
9.c4 b5 10.Nfd2 Nf6 11.Nc3 Qb8 12.a4 bxc4 13.Nxc4 Be7 14.Be3 Bc6 15.Nb6 Ra7
16.Nbd5 Rb7 17.Nxe7 Kxe7 18.Qxa6 Bxe4 19.Nb5 Bd3 20.Rfd1 Bxb5 21.axb5 Rxb5
22.Rxd6 Qxd6 23.Qxb5 Rb8 24.Qc4 Nd7 25.Rb1 Rb4 26.Qc3 Kf8 27.h3 Kg8 28.Ra1 Qb8
29.Rd1 Nf6 30.Bc5 Rb3 31.Qe1 Rxb2 32.Bd6 Qb5 33.Qxe5 Qxe5 34.Bxe5 Rb6 35.f3 Kh7
36.Rc1 Re6 37.Bxf6 Rxf6 38.Kf2 Re6 39.Rc2 Rf6 40.Rb2 Re6 41.Rc2 Rf6  1/2-1/2

[Event "SportAccord Blitz Women 2013"]
[Site "Beijing CHN"]
[Date "2013.12.16"]
[Round "27.2"]
[White "Muzychuk,A"]
[Black "Ushenina,A"]
[Result "1-0"]
[WhiteElo "2566"]
[BlackElo "2501"]

1.e4 c5 2.Nf3 d6 3.Bb5+ Nd7 4.O-O a6 5.Bxd7+ Bxd7 6.d4 cxd4 7.Qxd4 Rc8 8.c4 e5
9.Qd3 b5 10.Nfd2 Qc7 11.Na3 Qb7 12.b3 Nf6 13.Bb2 Be7 14.Rac1 O-O 15.Rfd1 Rfd8
16.h3 Bc6 17.f3 Nd7 18.Nc2 Nc5 19.Qe2 Bg5 20.Nb4 Be8 21.Ba3 a5 22.Nd5 b4
23.Bb2 Bc6 24.Rf1 Bxd5 25.cxd5 Bxd2 26.Qxd2 f6 27.Rc4 Rc7 28.Rfc1 Rdc8 29.Kh2 h6
30.f4 Kh8 31.fxe5 fxe5 32.Bxe5 dxe5 33.d6 Rc6 34.Qd5 Qd7 35.Rxc5 Rxc5 36.Rxc5 Rd8
37.Qxe5 a4 38.Rd5 axb3 39.axb3 Re8 40.Qf5 Re6 41.Re5 Rxd6 42.Qxd7 Rxd7 43.Rb5 Rd4
44.e5 Re4 45.Kg1 Kg8 46.Kf2 Kf7 47.Kf3 Rd4 48.Ke3 Rh4 49.Rb6 Ke7 50.Rb7+ Ke6
51.Rxg7 Kxe5 52.Rg4 Rxg4 53.hxg4 Kd5 54.Kd3 Kc5 55.Ke4 Kc6 56.Kd4 Kb5 57.Kd5 Kb6
58.Kc4 Kc6 59.Kxb4 Kd5 60.Ka5 Ke4 61.b4 Kf4 62.b5 Kxg4 63.b6 Kg3 64.b7 h5
65.b8=Q+ Kxg2 66.Qf4 Kh3 67.Qg5 h4 68.Kb4  1-0

[Event "16th Padova Open A 2013"]
[Site "Padova ITA"]
[Date "2013.12.16"]
[Round "2.1"]
[White "Mrdja,M"]
[Black "Georgiev,Ki"]
[Result "0-1"]
[WhiteElo "2379"]
[BlackElo "2648"]

1.e4 c5 2.Nf3 d6 3.Bb5+ Bd7 4.a4 Nf6 5.Nc3 Nc6 6.O-O e6 7.d4 cxd4 8.Nxd4 Be7
9.Re1 O-O 10.h3 Qc7 11.Bg5 a6 12.Bf1 Ne5 13.Qe2 Rac8 14.Rad1 Qb6 15.Nb3 h6
16.Be3 Qc7 17.f4 Ng6 18.a5 Qb8 19.Qf3 Rxc3 20.bxc3 Nh4 21.Qe2 Nxe4 22.Bd4 Bc6
23.Qd3 Nf6 24.Bf2 Ng6 25.Nd4 Bd7 26.g3 e5 27.Nf5 Bd8 28.Nxd6 exf4 29.g4 Ne7
30.c4 Nc6 31.Rb1 Bxa5 32.c3 b6 33.Bg2 Qc7 34.c5 b5 35.c4 Bxe1 36.Rxe1 b4
37.Qd2 b3 38.Qxf4 b2 39.Qd2 Rb8 40.Rb1 Qa5 41.Rxb2 Qa1+  0-1